| 000 | 00898nam a22002297a 4500 | ||
|---|---|---|---|
| 999 |
_c6451 _d6451 |
||
| 005 | 20251125232807.0 | ||
| 008 | s2538 th tha d | ||
| 020 | _a9747192012 | ||
| 040 | _aNALT | ||
| 041 | _atha | ||
| 050 |
_aDS578.32.บ192 _bอ111ส 2538 |
||
| 100 | 0 | _aอ.อัครพร | |
| 245 | 1 | 0 | _aเส้นทางสู่นายกฯ ของเติ้งเสี่ยวหาร บรรหาร ศิลปอาชา |
| 260 | 3 |
_aกรุงเทพฯ : _bน้ำฝน, _c2538 |
|
| 300 |
_a89 หน้า : _bภาพประกอบ ; _c 21 ซม. |
||
| 650 | 0 | 4 | _aบรรหาร ศิลปอาชา, 2475-- |
| 700 | 0 | _aอ.อัครพร | |
| 850 | _aNALT | ||
| 856 | 4 | 0 |
_uhttps://hdl.handle.net/20.500.14156/401628 _71 |
| 942 |
_cGB _2lcc _02 |
||
| 998 |
_j111 _k นางสาวพจพิณ พรมเอี่ยม |
||